Online
Catalog

El retorno de los Matarese / (Record no. 3222)

MARC details
000 -CABECERA
campo de control de longitud fija 00790cam a2200229 a 4500
001 - NÚMERO DE CONTROL
campo de control 000003392
005 - FECHA Y HORA DE LA ÚLTIMA TRANSACCIÓN
campo de control 20200929150428.0
008 - DATOS DE LONGITUD FIJA--INFORMACIÓN GENERAL
campo de control de longitud fija 970701s1998 ag 000 f spa
020 ## - NÚMERO INTERNACIONAL ESTÁNDAR DEL LIBRO
Número Internacional Estándar del Libro 9500819333
040 ## - FUENTE DE LA CATALOGACIÓN
Centro catalogador/agencia de origen DO-SdBNP
Centro/agencia transcriptor DLC
Centro/agencia modificador DLC
-- OCoLC
-- DLC
041 17 - CÓDIGO DE LENGUA
Código de lengua del texto/banda sonora o título independiente spa
Código de lengua original eng
Fuente del código Código de idioma MARC
082 ## - NÚMERO DE LA CLASIFICACIÓN DECIMAL DEWEY
Número de clasificación 813.54
Número de documento/Ítem L945r
100 1# - ENTRADA PRINCIPAL--NOMBRE DE PERSONA
Nombre de persona Ludlum, Robert
Fechas asociadas al nombre 1927-2001.
9 (RLIN) 10566
240 13 - TÍTULO UNIFORME
Título uniforme The Matarese countdown.
Lenguaje de la obra Español.
245 13 - MENCIÓN DE TÍTULO
Título El retorno de los Matarese /
Mención de responsabilidad, etc. Robert Ludlum ; traducción, Rosa S. Corgatelli.
260 ## - PUBLICACIÓN, DISTRIBUCIÓN, ETC.
Lugar de publicación, distribución, etc. Buenos Aires :
Nombre del editor, distribuidor, etc. Atlántida,
Fecha de publicación, distribución, etc. 1998.
300 ## - DESCRIPCIÓN FÍSICA
Extensión 440 p. ;
Dimensiones 24 cm.
534 ## - NOTA SOBRE LA VERSIÓN ORIGINAL
Encabezamiento principal del original Título original:
Mención de título del original The Matarese countdown.
650 #4 - PUNTO DE ACCESO ADICIONAL DE MATERIA--TÉRMINO DE MATERIA
Término de materia o nombre geográfico como elemento de entrada Litratura estadounidense
9 (RLIN) 10567
700 1# - PUNTO DE ACCESO ADICIONAL--NOMBRE DE PERSONA
Nombre de persona Corgatelli, Rosa S.
Término indicativo de función/relación tr.
9 (RLIN) 10568
910 ## - DATOS DE OPCIÓN DEL USUARIO (OCLC)
Datos de opción del usuario Catalogación por copia / LC
Holdings
Estado de retiro Estado de pérdida Restricciones de uso No para préstamo Código de colección Localización permanente Ubicación/localización actual Ubicación en estantería Fecha de adquisición Número de inventario Total de préstamos Signatura topográfica completa Código de barras Fecha visto por última vez Precio válido a partir de Tipo de ítem Koha
    Préstamo interno   Monografías: Libros y Folletos General General En catalogación 08.07.2009 LF1   813.54 L945r 3392-10 25.06.2020 25.06.2020 Préstamo interno

Powered by Koha